[Event "Junior Online 4NCL Division 3"]
[Site "online"]
[Date "2021.04.15"]
[EventDate "2021.04.15"]
[Round "7.58"]
[White "Naren, Riya"]
[WhiteElo "646"]
[WhiteTeam "Watford Juniors D"]
[Black "Angelopoulos, Andreas"]
[BlackElo "1639"]
[BlackTeam "Barnet Knights A"]
[Result "0-1"]
[PlyCount "68"]

1. e4 c5 2. Nc3 d6 3. Nf3 Nf6 4. Bc4 Nc6 5. d3 g6 6. Bf4 Bg7 7. O-O O-O 8. Rc1 a6 9. Re1 b5 10. Bb3 Nd7 11. a3 Nde5 12. Bxe5 Nxe5 13. Nxe5 Bxe5 14. Kh1 b4 15. axb4 cxb4 16. Ne2 Bxb2 17. Rb1 Bg7 18. Rg1 Bb7 19. Qc1 Qc7 20. Ng3 e6 21. Qe1 d5 22. exd5 Bxd5 23. Bxd5 exd5 24. Rd1 Bc3 25. Qf1 a5 26. Rc1 a4 27. Ne2 Bb2 28. Re1 a3 29. Nf4 Qxf4 30. g3 Qf3+ 31. Qg2 Qxg2+ 32. Rxg2 a2 33. Kg1 a1=Q 34. Rxa1 Rxa1# 0-1

[Event "Junior Online 4NCL Division 3"]
[Site "online"]
[Date "2021.04.15"]
[EventDate "2021.04.15"]
[Round "7.61"]
[White "Vijayakumar, Rishi"]
[WhiteElo "1002"]
[WhiteTeam "Dundee City"]
[Black "Shen, Alex"]
[BlackElo "1574"]
[BlackTeam "MCS Tenners A"]
[Result "1-0"]
[PlyCount "79"]

1. d4 Nf6 2. c4 g6 3. g3 Bg7 4. Bg2 c5 5. d5 d6 6. Nc3 a6 7. a4 O-O 8. Nf3 Bf5 9. O-O Nbd7 10. Re1 Nb6 11. b3 Re8 12. a5 Nc8 13. e4 Bd7 14. e5 dxe5 15. Nxe5 Bf5 16. Bb2 Nd6 17. Na4 Nc8 18. Nxc5 Qc7 19. Nxb7 Qxb7 20. d6 Qb8 21. d7 Nxd7 22. Nxd7 Qc7 23. Bxg7 Kxg7 24. Bxa8 Bxd7 25. Bg2 Nd6 26. Qd4+ f6 27. Rad1 Bf5 28. g4 Bc8 29. g5 Rf8 30. gxf6+ Rxf6 31. Qe5 Kf7 32. Qd5+ Kg7 33. Qc6 Qd8 34. c5 Bd7 35. Qd5 Qc7 36. cxd6 exd6 37. Re7+ Kf8 38. Rde1 Rf5 39. Qa8+ Be8 40. Qxe8# 1-0

[Event "Junior Online 4NCL Division 3"]
[Site "online"]
[Date "2021.04.15"]
[EventDate "2021.04.15"]
[Round "7.62"]
[White "Turner, Jamie"]
[WhiteElo "1562"]
[WhiteTeam "MCS Tenners A"]
[Black "Barron-Majerik, Alexander"]
[BlackElo "221"]
[BlackTeam "Dundee City"]
[Result "1-0"]
[PlyCount "121"]

1. d4 d5 2. c4 dxc4 3. d5 Nf6 4. Nc3 c6 5. e4 cxd5 6. exd5 e6 7. Bxc4 Bb4 8. Bg5 Bxc3+ 9. bxc3 exd5 10. Bxd5 Kf8 11. Bxf6 Qxf6 12. Qd4 Qe7+ 13. Ne2 Nc6 14. Bxc6 bxc6 15. Rd1 Bb7 16. Qd3 g6 17. O-O Qg5 18. Ng3 Kg7 19. Qd4+ Kh6 20. Qe3 Qxe3 21. fxe3 Kg7 22. Rd7 Rhf8 23. Rxb7 Rae8 24. Rxa7 Rxe3 25. c4 Rc3 26. Ra4 Re8 27. Ra7 Rf8 28. Rf4 g5 29. Rg4 Kg6 30. Rxg5+ Kxg5 31. Ne4+ Kf4 32. Nxc3 Ke3 33. Rd7 f5 34. h3 Kf4 35. Ne2+ Ke3 36. Nd4 Kf4 37. Nxc6 Kg3 38. Rd3+ Kf4 39. g3+ Ke4 40. Rc3 f4 41. gxf4 Kxf4 42. a4 Rg8+ 43. Kh2 Rg6 44. Ne7 Re6 45. Nd5+ Ke5 46. Re3+ Kd6 47. Rxe6+ Kxe6 48. a5 Kd6 49. Kg3 Kc6 50. a6 Kd7 51. a7 Kc6 52. a8=Q+ Kc5 53. Qc8+ Kd4 54. Nf6 Ke5 55. Ng4+ Kd6 56. Qf8+ Ke6 57. Kf4 h5 58. Qf6+ Kd7 59. Ne5+ Ke8 60. Qf7+ Kd8 61. Qd7# 1-0

[Event "Junior Online 4NCL Division 3"]
[Site "online"]
[Date "2021.04.15"]
[EventDate "2021.04.15"]
[Round "7.64"]
[White "Yang, Lucas"]
[WhiteElo "1057"]
[WhiteTeam "MCS Tenners A"]
[Black "Dickson, Noah"]
[BlackElo "199"]
[BlackTeam "Dundee City"]
[Result "0-1"]
[PlyCount "160"]

1. e4 e5 2. Nf3 Nf6 3. Nc3 Nc6 4. Bc4 Bc5 5. d3 Ng4 6. O-O Nxf2 7. Rxf2 Bxf2+ 8. Kxf2 O-O 9. Kg1 d6 10. Be3 Na5 11. Bb3 Bg4 12. h3 Bxf3 13. Qxf3 Nxb3 14. axb3 c5 15. Nd5 Qh4 16. c3 b6 17. d4 cxd4 18. cxd4 exd4 19. Bxd4 f6 20. Qg4 Qxg4 21. hxg4 Rae8 22. Re1 Kh8 23. Kf2 Rc8 24. Re2 Rc1 25. Kg3 h6 26. Nf4 Kh7 27. Re3 Rd1 28. Rd3 Rxd3+ 29. Nxd3 a5 30. Bxb6 Ra8 31. Bc7 Ra6 32. Kf4 a4 33. bxa4 Rxa4 34. b3 Ra3 35. Bxd6 Rxb3 36. Nc5 Rb2 37. g3 Rd2 38. Be7 Rf2+ 39. Ke3 Rc2 40. Kf3 Rc3+ 41. Kf4 g6 42. Bxf6 Rxc5 43. Be7 Rc7 44. Bd6 Rd7 45. Be5 Rf7+ 46. Ke3 Re7 47. Bf6 Re6 48. Bd4 g5 49. Kf3 Rd6 50. Ke3 Kg6 51. Kd3 Kf7 52. Kc4 Ra6 53. Kb4 Ke6 54. Bh8 Kf7 55. Bd4 Kg6 56. e5 Kf7 57. Bf2 Ke6 58. Bd4 Ra2 59. Bc5 Rg2 60. Bf8 Rxg3 61. Bxh6 Rxg4+ 62. Kc5 Kxe5 63. Bxg5 Rxg5 64. Kc6 Kf4 65. Kd6 Re5 66. Kc6 Ke4 67. Kd6 Kd4 68. Kc6 Rd5 69. Kb6 Kc4 70. Kc6 Kd4 71. Kb6 Rc5 72. Kb7 Kc4 73. Kb6 Kb4 74. Ka6 Rb5 75. Ka7 Kc5 76. Ka6 Kc6 77. Ka7 Rb6 78. Ka8 Kc7 79. Ka7 Rb1 80. Ka8 Ra1# 0-1

[Event "Junior Online 4NCL Division 3"]
[Site "online"]
[Date "2021.04.15"]
[EventDate "2021.04.15"]
[Round "7.65"]
[White "Shen, Alex"]
[WhiteElo "1574"]
[WhiteTeam "MCS Tenners A"]
[Black "Vijayakumar, Rishi"]
[BlackElo "1002"]
[BlackTeam "Dundee City"]
[Result "0-1"]
[PlyCount "88"]

1. e4 e6 2. d4 d5 3. Nd2 Nf6 4. e5 Nfd7 5. Ngf3 c5 6. c3 Nc6 7. Bb5 f6 8. exf6 Nxf6 9. O-O cxd4 10. Nxd4 Bd7 11. Nxc6 bxc6 12. Bd3 Bd6 13. Nf3 e5 14. Bg5 O-O 15. Bc2 Qc7 16. h3 e4 17. Nd4 c5 18. Ne2 Be6 19. Bb3 Rad8 20. Qc2 h6 21. Be3 Rc8 22. a4 Qb7 23. a5 Bf7 24. Rad1 d4 25. Bc1 d3 26. Qd2 Bxb3 27. Rde1 dxe2 28. Qxe2 Qd5 29. Be3 Bc4 30. Qc2 Bd3 31. Rd1 Bxc2 32. Rxd5 Nxd5 33. Rc1 Nxe3 34. fxe3 Bd3 35. Rd1 c4 36. Rd2 Bg3 37. Rd1 Be2 38. Rb1 Rcd8 39. b4 Rf2 40. h4 Rd2 41. Rc1 Bd3 42. Re1 Rxg2+ 43. Kh1 Rh2+ 44. Kg1 Rdg2# 0-1

[Event "Junior Online 4NCL Division 3"]
[Site "online"]
[Date "2021.04.15"]
[EventDate "2021.04.15"]
[Round "7.66"]
[White "Barron-Majerik, Alexander"]
[WhiteElo "221"]
[WhiteTeam "Dundee City"]
[Black "Turner, Jamie"]
[BlackElo "1562"]
[BlackTeam "MCS Tenners A"]
[Result "0-1"]
[PlyCount "94"]

1. e4 c5 2. Nf3 d6 3. Bc4 e6 4. Nc3 a6 5. a3 Nc6 6. d3 Nf6 7. Bg5 Be7 8. O-O h6 9. Bh4 Bd7 10. d4 cxd4 11. Nxd4 O-O 12. Nxc6 Bxc6 13. Qd4 b5 14. Ba2 e5 15. Qd3 Qd7 16. Bxf6 Bxf6 17. Nd5 Bxd5 18. exd5 Rfe8 19. Qf3 e4 20. Qe3 Bxb2 21. Rab1 Be5 22. g3 f5 23. f4 Bf6 24. Bb3 Qa7 25. Qxa7 Rxa7 26. Rfe1 Bd4+ 27. Kg2 Bc3 28. Re2 Rc8 29. a4 b4 30. a5 Rc5 31. Ra1 Bxa1 32. c4 Rxa5 33. c5 Rxc5 34. Ba4 Rxd5 35. Bb3 Kf8 36. Bxd5 a5 37. Bc6 a4 38. Bd7 Rxd7 39. g4 fxg4 40. Rxe4 Bc3 41. Kg3 a3 42. Re1 a2 43. Re2 a1=Q 44. Kxg4 Qd1 45. Kf3 Re7 46. h4 Qxe2+ 47. Kg3 Re3# 0-1

[Event "Junior Online 4NCL Division 3"]
[Site "online"]
[Date "2021.04.15"]
[EventDate "2021.04.15"]
[Round "7.68"]
[White "Dickson, Noah"]
[WhiteElo "199"]
[WhiteTeam "Dundee City"]
[Black "Yang, Lucas"]
[BlackElo "1057"]
[BlackTeam "MCS Tenners A"]
[Result "0-1"]
[PlyCount "90"]

1. e4 c5 2. Bc4 d6 3. Qh5 e6 4. d3 Nf6 5. Qe2 Be7 6. Nf3 a6 7. Bb3 b5 8. Nc3 O-O 9. Bg5 Nh5 10. Bxe7 Qxe7 11. g4 Nf4 12. Qf1 d5 13. exd5 exd5+ 14. Kd1 c4 15. dxc4 dxc4 16. Bxc4 bxc4 17. Qxc4 Rd8+ 18. Kc1 Bxg4 19. Qxf4 Bxf3 20. Qxf3 Qe6 21. Qxa8 Qh6+ 22. Kb1 g5 23. Qb7 Re8 24. b3 Qf6 25. Nd5 Qe5 26. Ne3 h6 27. Ng4 Qg7 28. a4 h5 29. Ne3 Qf6 30. Rg1 g4 31. Rf1 Kg7 32. Nd5 Qe6 33. Nf4 Qf5 34. Qb4 Nc6 35. Qc3+ Ne5 36. Nd3 f6 37. Nxe5 Rxe5 38. Qc7+ Kg6 39. Kb2 Qf4 40. Qd7 Re2 41. Qd3+ Re4 42. Qxa6 Qe5+ 43. c3 Re2+ 44. Ka3 Qc5+ 45. b4 Qxc3# 0-1

[Event "Junior Online 4NCL Division 3"]
[Site "online"]
[Date "2021.04.15"]
[EventDate "2021.04.15"]
[Round "7.71"]
[White "Patel, Aaron"]
[WhiteElo "1062"]
[WhiteTeam "Harrow Juniors E"]
[Black "Aserkoff, Daniel"]
[BlackElo "1534"]
[BlackTeam "JHJ Shark Tank 2"]
[Result "1/2-1/2"]
[PlyCount "35"]

1. e4 c6 2. d4 d5 3. Nc3 dxe4 4. Nxe4 Nf6 5. Nxf6+ exf6 6. Bf4 Bd6 7. Bg3 O-O 8. Nf3 Bxg3 9. fxg3 Re8+ 10. Be2 Bg4 11. O-O Nd7 12. h3 Bh5 13. Bc4 Nb6 14. Bb3 Qc7 15. Kh2 Rad8 16. c3 c5 17. Qc2 Bg6 18. Qc1 1/2-1/2

[Event "Junior Online 4NCL Division 3"]
[Site "online"]
[Date "2021.04.15"]
[EventDate "2021.04.15"]
[Round "7.73"]
[White "Grahame, Edgar"]
[WhiteElo "993"]
[WhiteTeam "Harrow Juniors E"]
[Black "Royle, Alex"]
[BlackElo "1479"]
[BlackTeam "JHJ Shark Tank 2"]
[Result "0-1"]
[PlyCount "81"]

1. e4 c5 2. Bc4 a6 3. d4 cxd4 4. Qxd4 Nc6 5. Qd5 e6 6. Qh5 Nf6 7. Qf3 Ne5 8. Qb3 Nxe4 9. Nf3 Nxc4 10. Qxc4 d5 11. Qa4+ b5 12. Qb3 Bc5 13. O-O Nxf2 14. Rxf2 Qb6 15. Nc3 Bxf2+ 16. Kf1 O-O 17. Nd1 Bc5 18. Be3 Bxe3 19. Nxe3 Bb7 20. Ng4 d4 21. Qd3 Bxf3 22. Qxf3 Rac8 23. Rc1 Qc6 24. Qd3 Qc4 25. Qxc4 Rxc4 26. b3 Rc3 27. Ne5 Rfc8 28. Nf3 Rxc2 29. Rxc2 Rxc2 30. Nxd4 Rxa2 31. Nc6 Ra3 32. b4 Rc3 33. Ne7+ Kf8 34. Nc6 Rxc6 35. Kf2 Rc4 36. g4 Rxb4 37. Kg3 Rb3+ 38. Kf4 f6 39. g5 Rb4+ 40. Kg3 fxg5 41. Kf3 0-1

[Event "Junior Online 4NCL Division 3"]
[Site "online"]
[Date "2021.04.15"]
[EventDate "2021.04.15"]
[Round "7.74"]
[White "Tang, Brian"]
[WhiteElo "1464"]
[WhiteTeam "JHJ Shark Tank 2"]
[Black "Patel, Ryan"]
[BlackElo "892"]
[BlackTeam "Harrow Juniors E"]
[Result "1-0"]
[PlyCount "32"]

1. e4 e5 2. Nf3 Nc6 3. Bb5 Nf6 4. O-O Nxe4 5. Re1 Nf6 6. Nxe5 Nxe5 7. Rxe5+ Be7 8. Qe2 O-O 9. Rxe7 Re8 10. Rxe8+ Qxe8 11. Qxe8+ Nxe8 12. d4 c6 13. Bd3 Nf6 14. c4 b6 15. Nc3 b5 16. cxb5 cxb5 1-0

[Event "Junior Online 4NCL Division 3"]
[Site "online"]
[Date "2021.04.15"]
[EventDate "2021.04.15"]
[Round "7.75"]
[White "Aserkoff, Daniel"]
[WhiteElo "1534"]
[WhiteTeam "JHJ Shark Tank 2"]
[Black "Patel, Aaron"]
[BlackElo "1062"]
[BlackTeam "Harrow Juniors E"]
[Result "1-0"]
[PlyCount "47"]

1. e4 e5 2. Nc3 Nc6 3. Bc4 Nf6 4. d3 Bc5 5. f4 exf4 6. Bxf4 O-O 7. Qd2 d6 8. Bg5 h6 9. Bh4 Be6 10. O-O-O Bxc4 11. dxc4 g5 12. Bg3 Bb4 13. Re1 Re8 14. Qd3 Bxc3 15. Qxc3 Nxe4 16. Qf3 Nxg3 17. Rxe8+ Qxe8 18. hxg3 Qe1+ 19. Qd1 Qe3+ 20. Qd2 Qxg3 21. Rxh6 Re8 22. Nf3 g4 23. Qg5+ Kf8 24. Rh8# 1-0

[Event "Junior Online 4NCL Division 3"]
[Site "online"]
[Date "2021.04.15"]
[EventDate "2021.04.15"]
[Round "7.77"]
[White "Royle, Alex"]
[WhiteElo "1479"]
[WhiteTeam "JHJ Shark Tank 2"]
[Black "Grahame, Edgar"]
[BlackElo "993"]
[BlackTeam "Harrow Juniors E"]
[Result "1-0"]
[PlyCount "63"]

1. e4 g6 2. Nf3 Bg7 3. d4 d6 4. c4 Nf6 5. Nc3 Nc6 6. d5 Nb4 7. a3 Na6 8. Bd3 Bg4 9. h3 Bxf3 10. Qxf3 O-O 11. Bd2 e5 12. b4 c6 13. h4 h5 14. Bg5 b5 15. dxc6 bxc4 16. Bxc4 Nc7 17. Nd5 Ncxd5 18. Bxd5 a5 19. c7 Qxc7 20. Bxa8 axb4 21. axb4 Ng4 22. O-O f6 23. Qb3+ Kh7 24. Be3 Nxe3 25. Qxe3 Bh6 26. Ra7 Bxe3 27. Rxc7+ Kh6 28. fxe3 Rxa8 29. Rxf6 Ra1+ 30. Kh2 Ra2 31. Rff7 g5 32. Rf6# 1-0

[Event "Junior Online 4NCL Division 3"]
[Site "online"]
[Date "2021.04.15"]
[EventDate "2021.04.15"]
[Round "7.78"]
[White "Patel, Ryan"]
[WhiteElo "892"]
[WhiteTeam "Harrow Juniors E"]
[Black "Tang, Brian"]
[BlackElo "1464"]
[BlackTeam "JHJ Shark Tank 2"]
[Result "0-1"]
[PlyCount "60"]

1. e4 e5 2. Nf3 Nc6 3. Nc3 Nf6 4. d4 exd4 5. Nxd4 Bb4 6. a3 Bxc3+ 7. bxc3 Nxe4 8. Qf3 Nf6 9. Bc4 O-O 10. O-O d5 11. Nxc6 bxc6 12. Bd3 Bg4 13. Qg3 Qd6 14. Qxd6 cxd6 15. Ba6 Rab8 16. Bf4 Rfd8 17. Rae1 Nh5 18. f3 Nxf4 19. fxg4 Ne6 20. h3 Rb6 21. Bd3 g6 22. h4 Kg7 23. h5 Rb7 24. hxg6 hxg6 25. Re3 d4 26. cxd4 Nxd4 27. Rh3 Rb2 28. Bc4 d5 29. Bd3 Nxc2 30. Bxc2 Rxc2 0-1

[Event "Junior Online 4NCL Division 3"]
[Site "online"]
[Date "2021.04.15"]
[EventDate "2021.04.15"]
[Round "7.81"]
[White "Modhura, Urbi"]
[WhiteElo "1645"]
[WhiteTeam "Temple Sutton Juniors"]
[Black "Thompson, Alex"]
[BlackElo "1554"]
[BlackTeam "Surrey Kings 1"]
[Result "0-1"]
[PlyCount "72"]

1. e4 e6 2. d4 d5 3. Nc3 Nf6 4. e5 Nfd7 5. f4 c5 6. Nf3 Nc6 7. Be3 Be7 8. Bd3 a6 9. O-O b5 10. dxc5 Bxc5 11. Bxc5 Nxc5 12. a3 Qb6 13. Kh1 Nxd3 14. Qxd3 Bb7 15. Rad1 g6 16. Ng5 h6 17. Nf3 Ke7 18. Ne2 Rac8 19. c3 Na5 20. Ned4 Nc4 21. Qe2 Rc7 22. Ne1 Rhc8 23. Nd3 Qa5 24. Nf2 Rc5 25. Ng4 h5 26. Nf6 R5c7 27. Nf3 Qb6 28. Ng5 Ne3 29. Rde1 Nxf1 30. Rxf1 a5 31. f5 b4 32. fxe6 fxe6 33. cxb4 Rc1 34. bxa5 Qa6 35. Qf2 Rxf1+ 36. Qxf1 Qxf1# 0-1

[Event "Junior Online 4NCL Division 3"]
[Site "online"]
[Date "2021.04.15"]
[EventDate "2021.04.15"]
[Round "7.82"]
[White "Atkinson, Albie"]
[WhiteElo "1593"]
[WhiteTeam "Surrey Kings 1"]
[Black "Yau, Ethan Y"]
[BlackElo "1544"]
[BlackTeam "Temple Sutton Juniors"]
[Result "0-1"]
[PlyCount "101"]

1. e4 e5 2. Nf3 Nc6 3. d4 d6 4. h3 Nf6 5. Bg5 h6 6. Bh4 Be7 7. Nc3 O-O 8. Bb5 Bd7 9. O-O Nh5 10. Bxe7 Qxe7 11. Re1 Nf4 12. Nd5 Nxd5 13. exd5 Nb4 14. Bxd7 Qxd7 15. dxe5 dxe5 16. Rxe5 Rfe8 17. Rxe8+ Rxe8 18. c4 Qf5 19. a3 Nd3 20. Qc2 Qg6 21. Nh4 Qe4 22. Nf3 Nc5 23. Qxe4 Rxe4 24. Rc1 Na4 25. b3 Nc5 26. b4 Nd3 27. Rc2 a6 28. c5 Re8 29. d6 c6 30. Rd2 Nf4 31. d7 Rd8 32. Nh4 Nd5 33. Nf5 Rxd7 34. Ne3 Nf6 35. Rxd7 Nxd7 36. Kf1 Kf8 37. Ke2 Ke7 38. Nf5+ Kf6 39. g4 b6 40. cxb6 Nxb6 41. Ke3 Nc4+ 42. Kd4 Nxa3 43. Kc5 Nc2 44. Kxc6 Nxb4+ 45. Kc5 Nd3+ 46. Kb6 Nxf2 47. Kxa6 Nxh3 48. Kb5 h5 49. Ne3 hxg4 50. Nxg4+ Kg5 51. Nf2 0-1

[Event "Junior Online 4NCL Division 3"]
[Site "online"]
[Date "2021.04.15"]
[EventDate "2021.04.15"]
[Round "7.83"]
[White "Audhora, Purba"]
[WhiteElo "1528"]
[WhiteTeam "Temple Sutton Juniors"]
[Black "Pradhan, Ayan"]
[BlackElo "1475"]
[BlackTeam "Surrey Kings 1"]
[Result "1-0"]
[PlyCount "181"]

1. e4 e6 2. d4 d5 3. Nc3 Nf6 4. e5 Nfd7 5. Nf3 c5 6. Ne2 Nc6 7. c3 Be7 8. Be3 Qc7 9. Qd2 cxd4 10. cxd4 Bb4 11. Nc3 a6 12. a3 Be7 13. Be2 O-O 14. O-O f6 15. exf6 Bxf6 16. Rad1 Nb6 17. Bf4 Qf7 18. Ne5 Nxe5 19. dxe5 Be7 20. Bg3 Bd7 21. Bd3 Rac8 22. Qe3 Bc5 23. Qg5 h6 24. Qg4 h5 25. Qe2 Bc6 26. Kh1 Be7 27. Bc2 h4 28. Qd3 Qf5 29. Qxf5 exf5 30. Bf4 g5 31. Be3 Nc4 32. b3 Nxa3 33. Bd3 Nb5 34. Nxb5 Bxb5 35. Bxb5 axb5 36. Rxd5 f4 37. Bb6 Rf5 38. h3 f3 39. gxf3 Rxf3 40. Rd7 Bb4 41. Kg2 Rxb3 42. e6 Kf8 43. Rfd1 Be7 44. R1d5 b4 45. Rf5+ Ke8 46. Rxb7 Rb2 47. Rd5 b3 48. Rdd7 Bf6 49. e7 Rb1 50. Rd8+ Rxd8 51. exd8=Q+ Bxd8 52. Bxd8 Kxd8 53. Rb5 Kc7 54. Rxg5 b2 55. Rg7+ Kc6 56. Rg6+ Kc5 57. Rg5+ Kc4 58. Rg4+ Kb3 59. Rg8 Rg1+ 60. Kxg1 b1=Q+ 61. Kg2 Kc2 62. Rc8+ Kd2 63. Rd8+ Kc3 64. Rc8+ Kd4 65. Rd8+ Ke5 66. Re8+ Kd6 67. Re3 Qg6+ 68. Kf1 Qf5 69. Ke2 Qxh3 70. Rxh3 Ke6 71. Kf3 Kf5 72. Rxh4 Kg5 73. Rb4 Kf5 74. Kg3 Ke5 75. f3 Kf6 76. Kg4 Kf7 77. Kf5 Kf8 78. Ke6 Kg7 79. f4 Kg8 80. f5 Kf8 81. f6 Kg8 82. f7+ Kg7 83. Rb8 Kg6 84. f8=Q Kg5 85. Rb5+ Kg4 86. Qf5+ Kg3 87. Qe4 Kh2 88. Rb2+ Kh3 89. Rb3+ Kh2 90. Qe2+ Kh1 91. Rb1# 1-0

[Event "Junior Online 4NCL Division 3"]
[Site "online"]
[Date "2021.04.15"]
[EventDate "2021.04.15"]
[Round "7.84"]
[White "Baber, Sanjit"]
[WhiteElo "1505"]
[WhiteTeam "Surrey Kings 1"]
[Black "Summers, Dylan S"]
[BlackElo "1532"]
[BlackTeam "Temple Sutton Juniors"]
[Result "0-1"]
[PlyCount "122"]

1. d4 Nc6 2. e3 d6 3. Nf3 g6 4. c4 Nf6 5. Nc3 Bg7 6. a3 Bf5 7. Be2 O-O 8. O-O Re8 9. h3 e5 10. d5 Ne7 11. Nd2 c6 12. e4 Bd7 13. Bd3 a6 14. Nf3 b5 15. cxb5 axb5 16. b4 cxd5 17. exd5 Nexd5 18. Nxd5 Nxd5 19. Be4 Nc3 20. Qd3 Nxe4 21. Qxe4 Bf5 22. Qh4 Qxh4 23. Nxh4 Bd3 24. Re1 e4 25. Ra2 Bc4 26. Rc2 d5 27. f3 exf3 28. Rxe8+ Rxe8 29. Nxf3 Rd8 30. Kh2 d4 31. Bb2 d3 32. Rd2 Bh6 33. Rd1 d2 34. Bc3 Bb3 35. Rxd2 Bxd2 36. Bxd2 Bc4 37. Bc1 Bd5 38. Ng5 h6 39. Nf3 Bxf3 40. gxf3 Rd1 41. Bxh6 Ra1 42. Bd2 Ra2 43. Kg3 Rxd2 44. Kf4 Rd3 45. Ke4 Rxa3 46. h4 Kh7 47. f4 Kh6 48. Ke5 Ra4 49. Kf6 Rxb4 50. Kxf7 Rxf4+ 51. Ke6 b4 52. Ke5 Rc4 53. Kd5 Rc8 54. Kd4 b3 55. Kd3 b2 56. Ke3 b1=Q 57. Kf4 Re8 58. Kg3 Re4 59. h5 Qd3+ 60. Kg2 Re2+ 61. Kg1 Qd1# 0-1

[Event "Junior Online 4NCL Division 3"]
[Site "online"]
[Date "2021.04.15"]
[EventDate "2021.04.15"]
[Round "7.85"]
[White "Thompson, Alex"]
[WhiteElo "1554"]
[WhiteTeam "Surrey Kings 1"]
[Black "Modhura, Urbi"]
[BlackElo "1645"]
[BlackTeam "Temple Sutton Juniors"]
[Result "0-1"]
[PlyCount "70"]

1. d4 Nf6 2. c4 e6 3. Nc3 d5 4. cxd5 exd5 5. Bg5 Be7 6. e3 h6 7. Bh4 Be6 8. Qc2 Nc6 9. a3 Qd7 10. Bd3 O-O 11. Nge2 Na5 12. Nf4 Nc4 13. O-O g5 14. Nxe6 fxe6 15. Bg3 Nd6 16. f3 Rf7 17. e4 dxe4 18. fxe4 Nh5 19. Be5 Raf8 20. g3 Ne8 21. Qe2 Nhg7 22. Rxf7 Rxf7 23. Rf1 Bf6 24. Bxf6 Nxf6 25. Qe3 Ng4 26. Rxf7 Qxf7 27. Qe2 Nf6 28. e5 Nd5 29. Nxd5 exd5 30. Qg4 c6 31. h4 gxh4 32. gxh4 h5 33. Qg3 Kh8 34. Bg6 Qe6 35. Bd3 Qh6 0-1

[Event "Junior Online 4NCL Division 3"]
[Site "online"]
[Date "2021.04.15"]
[EventDate "2021.04.15"]
[Round "7.86"]
[White "Yau, Ethan Y"]
[WhiteElo "1544"]
[WhiteTeam "Temple Sutton Juniors"]
[Black "Atkinson, Albie"]
[BlackElo "1593"]
[BlackTeam "Surrey Kings 1"]
[Result "0-1"]
[PlyCount "32"]

1. e4 e5 2. Nf3 Nc6 3. Bc4 Bc5 4. c3 Nf6 5. d3 h6 6. Be3 Bxe3 7. fxe3 d5 8. exd5 Nxd5 9. e4 Nf4 10. O-O Bg4 11. Qb3 O-O 12. Qxb7 Na5 13. Qb5 Nxc4 14. Qxc4 Bxf3 15. Rxf3 Qg5 16. d4 Qxg2# 0-1

[Event "Junior Online 4NCL Division 3"]
[Site "online"]
[Date "2021.04.15"]
[EventDate "2021.04.15"]
[Round "7.87"]
[White "Pradhan, Ayan"]
[WhiteElo "1475"]
[WhiteTeam "Surrey Kings 1"]
[Black "Audhora, Purba"]
[BlackElo "1528"]
[BlackTeam "Temple Sutton Juniors"]
[Result "0-1"]
[PlyCount "60"]

1. e4 e5 2. Nf3 Nc6 3. Bc4 Nf6 4. d4 exd4 5. e5 d5 6. Bb5 Ne4 7. O-O Bg4 8. h3 Bh5 9. Re1 Bc5 10. Nbd2 O-O 11. Nxe4 dxe4 12. Rxe4 Qd5 13. Re1 a6 14. Bd3 Rae8 15. Be4 Qd8 16. a3 Nxe5 17. Kh2 Nxf3+ 18. gxf3 Qd6+ 19. Kh1 Qf6 20. Kg2 Qh4 21. Rf1 Rxe4 22. Qd3 Re6 23. Qf5 Rg6+ 24. Kh2 Bd6+ 25. Kh1 Rf6 26. Bg5 Rxf5 27. Bxh4 Bxf3+ 28. Kg1 Rh5 29. Bg3 Rxh3 30. Bxd6 Rh1# 0-1

[Event "Junior Online 4NCL Division 3"]
[Site "online"]
[Date "2021.04.15"]
[EventDate "2021.04.15"]
[Round "7.88"]
[White "Summers, Dylan S"]
[WhiteElo "1532"]
[WhiteTeam "Temple Sutton Juniors"]
[Black "Baber, Sanjit"]
[BlackElo "1505"]
[BlackTeam "Surrey Kings 1"]
[Result "1/2-1/2"]
[PlyCount "43"]

1. e4 c5 2. Nf3 Nc6 3. Bc4 d6 4. Nc3 Nf6 5. d3 e5 6. h3 Be7 7. O-O O-O 8. Be3 Be6 9. Bb3 Nd4 10. Re1 Nxb3 11. axb3 Qc7 12. Bg5 h6 13. Bxf6 Bxf6 14. Nb5 Qb6 15. c4 a6 16. Nc3 Qc6 17. Qc2 b5 18. Red1 bxc4 19. bxc4 Rfd8 20. Re1 Kh8 21. Kh1 Kg8 22. Kg1 1/2-1/2

[Event "Junior Online 4NCL Division 3"]
[Site "online"]
[Date "2021.04.15"]
[EventDate "2021.04.15"]
[Round "7.91"]
[White "Oh, Julie"]
[WhiteElo "1442"]
[WhiteTeam "JHJ Shark Tank 4"]
[Black "Anandkumar, Govind"]
[BlackElo "1217"]
[BlackTeam "St John's College C"]
[Result "0-1"]
[PlyCount "108"]

1. e4 e6 2. Nc3 d5 3. d4 Bb4 4. exd5 exd5 5. a3 Bxc3+ 6. bxc3 Nf6 7. Nf3 O-O 8. Be2 Re8 9. O-O Bg4 10. Ne5 Bxe2 11. Qxe2 Nbd7 12. f4 Ne4 13. Qf3 f6 14. Nxd7 Qxd7 15. Re1 Qf7 16. Rb1 Rab8 17. c4 c6 18. cxd5 cxd5 19. c4 f5 20. c5 Qf6 21. Be3 h6 22. a4 Nc3 23. Ra1 Ne4 24. a5 a6 25. Rab1 Re7 26. Rb6 Qh4 27. g3 Qh3 28. Qg2 Qh5 29. h3 Qf7 30. g4 fxg4 31. hxg4 Re6 32. Rxe6 Qxe6 33. f5 Qf6 34. Qf3 Qh4 35. Rd1 Qf6 36. Bf4 Re8 37. Be5 Qg5 38. Qf4 Qd8 39. Bc7 Qe7 40. Kg2 Rc8 41. Be5 Rf8 42. Rb1 Qf7 43. Rb6 Rc8 44. Rg6 Rc6 45. Rxc6 bxc6 46. Kf3 Ng5+ 47. Ke3 Ne4 48. g5 hxg5 49. Qf1 Qh5 50. Qxa6 Qh3+ 51. Ke2 Qxf5 52. Qa8+ Kh7 53. Qxc6 Qf2+ 54. Kd3 Qd2# 0-1

[Event "Junior Online 4NCL Division 3"]
[Site "online"]
[Date "2021.04.15"]
[EventDate "2021.04.15"]
[Round "7.92"]
[White "Bagga, Khushi"]
[WhiteElo "1189"]
[WhiteTeam "St John's College C"]
[Black "Groot Wassink, Emma"]
[BlackElo "1428"]
[BlackTeam "JHJ Shark Tank 4"]
[Result "1-0"]
[PlyCount "77"]

1. e4 e5 2. Nf3 Nc6 3. Nc3 Nf6 4. d4 exd4 5. Nxd4 Bb4 6. Nxc6 bxc6 7. Bd3 O-O 8. O-O Re8 9. Bg5 h6 10. Bh4 Bb7 11. f4 d6 12. Re1 Bc5+ 13. Kh1 Bd4 14. Ne2 Bb6 15. Ng3 Bf2 16. Re2 Bxg3 17. hxg3 a5 18. e5 dxe5 19. fxe5 g5 20. exf6 Qxf6 21. Re4 Rxe4 22. Bxe4 gxh4 23. Qg4+ Kf8 24. gxh4 Qxb2 25. Rf1 Qg7 26. Bg6 Ke7 27. Qe4+ Kf8 28. Rxf7+ Qxf7 29. Bxf7 Kxf7 30. Qf5+ Ke7 31. Qh7+ Kd6 32. Qxh6+ Kc5 33. Qe3+ Kb5 34. Qe5+ Kb6 35. Kg1 Rg8 36. Qd4+ Ka6 37. Qc4+ Kb6 38. Qxg8 Ka6 39. h5 1-0

[Event "Junior Online 4NCL Division 3"]
[Site "online"]
[Date "2021.04.15"]
[EventDate "2021.04.15"]
[Round "7.94"]
[White "Kulkarni, Arnav"]
[WhiteElo "1033"]
[WhiteTeam "St John's College C"]
[Black "Burrill, Edoardo"]
[BlackElo "1383"]
[BlackTeam "JHJ Shark Tank 4"]
[Result "0-1"]
[PlyCount "128"]

1. e4 e5 2. Nf3 Nc6 3. Bc4 Nf6 4. Ng5 d5 5. exd5 Nd4 6. c3 Nf5 7. Qa4+ Bd7 8. Bb5 Nd6 9. Bxd7+ Nxd7 10. Nf3 Qf6 11. O-O Qg6 12. Re1 O-O-O 13. Qxa7 e4 14. Nd4 Re8 15. d3 e3 16. Bxe3 Qxd3 17. Na3 Ne4 18. Ndb5 Bxa3 19. Qa8+ Nb8 20. Na7+ Kd7 21. bxa3 Qa6 22. Rab1 b6 23. d6 c6 24. Rxb6 Qxa3 25. Qb7+ Ke6 26. Bd4 Qxd6 27. Rxe4+ Kd5 28. Rxe8 Rxe8 29. Rb1 Re7 30. Qb3+ Ke4 31. Re1+ Kf5 32. Qc2+ Kg5 33. Qd2+ Kg6 34. Qd3+ Kh5 35. Qf3+ Kg6 36. Rxe7 Qxe7 37. Qg4+ Kh6 38. Be3+ g5 39. Bxg5+ Qxg5 40. Qxg5+ Kxg5 41. Kf1 Kf4 42. Ke2 Ke4 43. a4 Kd5 44. a5 Kc5 45. Ke3 Kc4 46. Nc8 Kxc3 47. Ne7 c5 48. Nd5+ Kc4 49. Nc7 Nd7 50. a6 Nb6 51. a7 Kc3 52. a8=Q Nxa8 53. Nxa8 c4 54. Nb6 Kb3 55. Nxc4 Kxc4 56. Ke4 Kc3 57. Ke5 Kd3 58. f4 Ke3 59. g4 Kf3 60. h4 Kxg4 61. f5 Kxh4 62. Kf6 Kg4 63. Ke5 h5 64. Kf6 h4 0-1